Normal view
MARC view
- Weiss Horz, Eduardo
Entry Nombre Personal
001 - NUMERO DE CONTROL
- campo de control: 29503
003 - IDENTIFICADOR DE NUMERO DE CONTROL
- campo de control: UPN
005 - FECHA Y HORA DE LA ÜLTIMA TRANSACCIÓN
- campo de control: 20210219194404.0
008 - DATOS DE LONGITUD FIJA
- campo de control de longitud fija: nabaccnnaabn|||||||||| b |nc|||||d
035 ## - NUMERO DE CONTROL
- Número de control: UPN11000001609
040 ## - FUENTE DE CATALOGACIÓN
- Lenguaje de catalogación: SPA
- Agencia de transcripción: UPN
100 1# - ENCABEZAMIENTO - NOMBRE PERSONAL
- Nombre personal: Weiss Horz, Eduardo
400 1# - VEÁSE - NOMBRE DE PERSONA
- Personal name: Weiss, Eduardo
670 ## - FUENTE EN LA QUE SE LOCALIZARON DATOS
- Cita de la fuente: T
- Uniform Resource Identifier: http://www.die.cinvestav.mx/Personalacad%C3%A9mico/DrEduardoWeissHorz/Biograf%C3%ADa.aspx
680 ## - NOTA PUBLICA DE ACCESO PÚBLICO
- Frase explicativa de la referencia: Investigador educativo
902 ## - CATALOGADOR
- Catalogador: DAA/100608
